Lande efter bogstav - A - Statistics

General Stats
  • This quiz has been taken 66 times
  • The average score is 6 of 10
Answer Stats
Land % Correct
Albanien
79%
Argentina
77%
Algeriet
72%
Andorra
70%
Angola
67%
Australien
65%
Afghanistan
60%
Armenien
53%
Aserbajdsjan
49%
Antigua og Barbuda
33%
No matching quizzes found
Score Distribution
Percent of People with Each Score
Percentile by Number Answered
Your Score History
You have not taken this quiz